Obra gruesa

Saved in:
Bibliografiske detaljer
Hovedforfatter: Parra, Nicanor (Parra Sandoval, Nicanor) (autor)
Format: Bog
Sprog:spansk
Udgivet: Santiago Andrés Bello 1983
Serier:Colección Biblioteca Andrés Bello, 62
Fag:
Tags: Tilføj Tag
Ingen Tags, Vær først til at tagge denne postø!

MARC

LEADER 00000nam a2200000 a 4500
001 UCX1596
003 CL-VaPUC
008 901003e19830000CL |||||||||||||||||spa|d
082 0 4 |a Ch861  |b PAR  |2 21 
100 |a Parra, Nicanor   |q (Parra Sandoval, Nicanor)  |e autor  |9 310550 
245 1 0 |a Obra gruesa 
300 |a 192 p 
942 |c BK 
945 |d 19901003 00:00:00 
260 |a Santiago  |b Andrés Bello  |c 1983 
650 0 |a Poesías chilenas   |9 265280 
583 |a last modification  |c 19901003 00:00:00  |k Rodrigo Vera 
490 0 |a Colección Biblioteca Andrés Bello, 62 
999 |c 222789  |d 222787 
952 |0 0  |1 0  |4 0  |6 CH_861_000000000000000_PAR_1983  |7 0  |8 R  |9 217979  |a BIBEDU  |b BIBEDU  |c MCIRC  |d 2019-11-15  |i 2868482  |o Ch861 PAR 1983  |p 2868482  |r 2023-01-13  |w 2019-11-15  |y BK_R  |k LIT